| 000 | 00481nam a2200181Ia 4500 | ||
|---|---|---|---|
| 008 | 231221s9999 xx 000 0 und d | ||
| 020 | _a9780000000000 | ||
| 041 | _aEnglish | ||
| 082 | _a621.384 DOB; | ||
| 100 | _aDobkin, Daniel M | ||
| 245 | 0 | _aRF in RFID: passive UHF RFID in practice | |
| 260 |
_c2007 _bElsevier _aOxford |
||
| 300 | _aix+493 | ||
| 300 | _c47662 | ||
| 440 | _aCommunications engineering series | ||
| 650 | _aRF,RFID:,passive,UHF,RFID | ||
| 942 | _cCD | ||
| 999 |
_c203780 _d203780 |
||